Benchmarks definition: methodology for assessment of economic performance (MAEP-RB)

Stanovenie referenčných hodnôt (benchmarkov) používaných na normalizáciu parametrov hierarchickej štruktúry Metodiky hodnotenia ekonomickej výkonnosti obytných budov (MAEP-RB, Methodology of Assessment of Economic Performance – Residential Buildings). Táto metodika implementuje systematické a simult...

Descrizione completa

Salvato in:
Dettagli Bibliografici
Autore principale: Ribas, Domingos A.
Altri autori: Morais, Miguel M., Cachim, Paulo B.
Natura: Capitolo di libro
Lingua:inglese
Soggetti:
Tags: Aggiungi Tag
Nessun Tag, puoi essere il primo ad aggiungerne!!

MARC

LEADER 00000nla a2200000 4500
001 0234836
005 20240417075124.3
041 0 |a eng 
044 |a RO 
245 1 0 |a Benchmarks definition: methodology for assessment of economic performance (MAEP-RB)  |c Domingos A. Ribas, Miguel M. Morais, Paulo B. Cachim 
520 |a Stanovenie referenčných hodnôt (benchmarkov) používaných na normalizáciu parametrov hierarchickej štruktúry Metodiky hodnotenia ekonomickej výkonnosti obytných budov (MAEP-RB, Methodology of Assessment of Economic Performance – Residential Buildings). Táto metodika implementuje systematické a simultánne hodnotenie výkonnosti a ekonomickej udržateľnosti budov. 
610 2 0 |a meranie výkonnosti 
610 2 0 |a výkonnosť 
610 2 0 |a stavebníctvo 
610 2 0 |a budovy 
610 2 0 |a metódy 
610 2 0 |a rozvoj trvalo udržateľný 
610 2 0 |a normy 
100 1 |a Ribas, Domingos A. 
700 1 |a Morais, Miguel M. 
700 1 |a Cachim, Paulo B.